000
00243nam a22001097a 4500
082
_a
320/RAM
100
_a
Raman,Dr,R
_9
81827
245
_a
Hindu Nationalism In India
260
_a
Delhi
_b
Keshav Books
_c
2018
650
_a
Political
942
_c
BK
999
_c
65992
_d
65992